<?xml version="1.0" encoding="UTF-8"?>
<record
    xmlns:xsi="http://www.w3.org/2001/XMLSchema-instance"
    xsi:schemaLocation="http://www.loc.gov/MARC21/slim http://www.loc.gov/standards/marcxml/schema/MARC21slim.xsd"
    xmlns="http://www.loc.gov/MARC21/slim">

  <leader>00733nam a2200205Ia 4500</leader>
  <controlfield tag="005">20241129111248.0</controlfield>
  <controlfield tag="008">241129s9999||||xx |||||||||||||| ||und||</controlfield>
  <datafield tag="037" ind1=" " ind2=" ">
    <subfield code="a">TB</subfield>
  </datafield>
  <datafield tag="040" ind1=" " ind2=" ">
    <subfield code="a">CRL</subfield>
    <subfield code="b">pun</subfield>
    <subfield code="c">CRL</subfield>
  </datafield>
  <datafield tag="041" ind1=" " ind2=" ">
    <subfield code="a">pun</subfield>
    <subfield code="2">pun</subfield>
  </datafield>
  <datafield tag="084" ind1=" " ind2=" ">
    <subfield code="a">O153,1x R3</subfield>
    <subfield code="q">CRL</subfield>
  </datafield>
  <datafield tag="100" ind1=" " ind2=" ">
    <subfield code="a">&#xA2E;&#xA3E;&#xA1C;&#xA30;&#xA40;, &#xA17;&#xA41;&#xA30;&#xA2E;&#xA40;&#xA24; &#xA38;&#xA3F;&#xA70;&#xA18; &#xA15;&#xA71;&#xA32;&#xA30;, &#xA25;&#xA26;&#x964;</subfield>
    <subfield code="9">168115</subfield>
  </datafield>
  <datafield tag="245" ind1=" " ind2="0">
    <subfield code="a">&#xA1C;&#xA3C;&#xA16;&#xA3C;&#xA2E;&#xA3E;&#xA02; &#xA26;&#xA3E; &#xA39;&#xA3E;&#xA38;&#xA3C;&#xA40;&#xA06;</subfield>
    <subfield code="c">&#xA2E;&#xA3E;&#xA1C;&#xA30;&#xA40;, &#xA17;&#xA41;&#xA30;&#xA2E;&#xA40;&#xA24; &#xA38;&#xA3F;&#xA70;&#xA18; &#xA15;&#xA71;&#xA32;&#xA30;, &#xA25;&#xA26;&#x964;</subfield>
  </datafield>
  <datafield tag="260" ind1=" " ind2=" ">
    <subfield code="a">&#xA2A;&#xA1F;&#xA3F;&#xA06;&#xA32;&#xA3E;, &#xA2D;&#xA3E;&#xA30;&#xA24;</subfield>
    <subfield code="b">&#xA15;&#xA48;&#xA32;&#xA40;&#xA35;&#xA30;</subfield>
    <subfield code="c">2023</subfield>
  </datafield>
  <datafield tag="300" ind1=" " ind2=" ">
    <subfield code="a">143&#xA2A;&#xA4D;&#xA30;0</subfield>
  </datafield>
  <datafield tag="365" ind1=" " ind2=" ">
    <subfield code="a">INR</subfield>
    <subfield code="b">170</subfield>
  </datafield>
  <datafield tag="650" ind1=" " ind2=" ">
    <subfield code="a">Punjabi LiteraturePoetry</subfield>
    <subfield code="9">726276</subfield>
  </datafield>
  <datafield tag="942" ind1=" " ind2=" ">
    <subfield code="c">TB</subfield>
    <subfield code="h">O153,1x R3</subfield>
  </datafield>
  <datafield tag="999" ind1=" " ind2=" ">
    <subfield code="c">1229638</subfield>
    <subfield code="d">1229638</subfield>
  </datafield>
  <datafield tag="952" ind1=" " ind2=" ">
    <subfield code="0">0</subfield>
    <subfield code="1">0</subfield>
    <subfield code="4">0</subfield>
    <subfield code="7">0</subfield>
    <subfield code="a">CRL</subfield>
    <subfield code="b">CRL</subfield>
    <subfield code="d">2024-11-29</subfield>
    <subfield code="e">H.K. Prakashan</subfield>
    <subfield code="g">170.00</subfield>
    <subfield code="i">1609 &amp; 03/01/2024</subfield>
    <subfield code="l">0</subfield>
    <subfield code="o">O153,1x R3</subfield>
    <subfield code="p">CL1680441</subfield>
    <subfield code="r">2024-11-29 11:12:48</subfield>
    <subfield code="w">2024-11-29</subfield>
    <subfield code="y">TB</subfield>
  </datafield>
</record>
